Missing Word: Harry Potter Chapters Book 1 Quiz Stats

 Plays Quiz Updated Feb 6, 2014

Challenge
Share
Tweet
Embed
Score 0/15 Timer 03:00
5 Plays Today
Chapter Title Missing Word % Correct
The Boy Who _____Lived
97.3%
_____ AlleyDiagon
94.8%
The Man with _____ FacesTwo
92.5%
The _____ HatSorting
91.6%
The Journey from _____ Nine and Three-quartersPlatform
90.1%
The _____ ForestForbidden
85.4%
The Letters from No _____One
80.5%
The Mirror of _____Erised
78.3%
Chapter Title Missing Word % Correct
_____ FlamelNicolas
77%
The Potions _____Master
76.9%
The _____ of the KeysKeeper
75.3%
Norbert the _____ RidgebackNorwegian
74.2%
The Midnight _____Duel
45.6%
Through the _____Trapdoor
43.8%
The _____ GlassVanishing
37.2%

Today's Daily Dose

You're not logged in!

Compare scores with friends on all Sporcle quizzes.
Join for Free
OR
Log In

Show Comments

Extras

Top Quizzes Today


Score Distribution

Your Account Isn't Verified!

In order to create a playlist on Sporcle, you need to verify the email address you used during registration. Go to your Sporcle Settings to finish the process.

Report this User

Report this user for behavior that violates our Community Guidelines.

Details: